000 00558nam a2200217Ia 4500
003 OSt
005 20220928144112.0
006 a|||||r|||| 00| 0
007 ta
008 220927b |||||||| |||| 00| 0 eng d
024 _a24316
037 _cTextual
040 _aSDCL
_cSDCL
_beng
041 _2eng
_aeng
082 _aI:686, N4
100 _aBevan M W Ed.
_9506964
245 0 _aProduction and uses of genetically transformation plants.
260 _c1994
942 _hI:686, N4
_cTEXL
_2CC
999 _c826230
_d826230